[Vysoké školy]

Z obsahu: Študenti, vláda i zamestnávatelia tlačia na školy, aby o sebe hovorili - kvalita vysokých škôl. Manažment kvality: v strede pozornosti študent. Školy si určia svoje poslanie, budú ho však musieť plniť. Ak máte peniaze, môžete sa dohadovať o princípoch. Žiadna vysoká škola nie je zbytočná,...

Descripción completa

Guardado en:
Detalles Bibliográficos
Autor principal: Baťo, Rado
Otros Autores: Horníková, Zuzana, Kampová, Slávka
Formato: Capítulo de libro
Lenguaje:eslovaco
Materias:
Etiquetas: Agregar Etiqueta
Sin Etiquetas, Sea el primero en etiquetar este registro!

MARC

LEADER 00000naa$a2200000$$$4500
001 0007974
005 20231009074531.3
041 0 |a slo 
044 |a SK 
245 1 0 |a [Vysoké školy]  |c aut. Rado Baťo, Zuzana Horníková, Slávka Kampová 
520 |a Z obsahu: Študenti, vláda i zamestnávatelia tlačia na školy, aby o sebe hovorili - kvalita vysokých škôl. Manažment kvality: v strede pozornosti študent. Školy si určia svoje poslanie, budú ho však musieť plniť. Ak máte peniaze, môžete sa dohadovať o princípoch. Žiadna vysoká škola nie je zbytočná, otázka je, či má byť každá univerzitou. Dokonč. 
610 2 0 |a školy vysoké 
610 2 0 |a financovanie 
610 2 0 |a kvalita 
610 2 0 |a vzdelanie 
610 2 0 |a študenti 
610 2 0 |a univerzity 
100 1 |a Baťo, Rado 
700 1 |a Horníková, Zuzana 
700 1 |a Kampová, Slávka